Estimación de costos de producción

Bibliographic Details
Main Author: Matthews, Lawrence
Format: Section = Libro
Language:Undetermined
Spanish
Published: México Limusa 1984
Subjects:
LEADER 00487nam a2200181Ia 4500
008 240829s9999 xx 000 0 und d
020 |a 968-451-620-7 
040 |a BIBLIOTECA-RUPAP 658.1552 M435 
041 |a spa 
082 |a 658.1552 M435 
100 1 |a Matthews, Lawrence 
245 1 0 |a Estimación de costos de producción 
260 |a México  |b Limusa  |c 1984 
300 |a 256 p. :il. 
650 7 |a CONTROL Y ANALISIS DE COSTOS. I. Tít. 
942 |c BK  |2 ddc 
991 |a TEXTO 
999 |c 10010